Les 88 constellations - Statistiques

Statistiques générales
  • Ce quiz a été pris 538 fois
  • Le résultat moyen est 47 sur 88
Statistiques - réponses
Réponse % Correct
Le Lion
91%
Le Taureau
91%
La Grande Ourse
89%
La Vierge
89%
Le Cancer
89%
Les Gémeaux
88%
Le Verseau
88%
La Balance
87%
La Petite Ourse
87%
Le Capricorne
87%
Le Bélier
85%
Le Scorpion
85%
La Flèche
84%
Cassiopée
82%
Les Poissons
82%
Le Dragon
77%
Orion
76%
Andromède
74%
Le Serpent
73%
Pégase
71%
Hercule
70%
L’Aigle
70%
Le Cygne
67%
La Croix du Sud
65%
La Baleine
63%
Le Grand Chien
63%
Le Loup
63%
L’Hydre
63%
La Girafe
62%
Persée
60%
Le Triangle
59%
Le Caméléon
58%
Le Petit Chien
58%
La Chevelure de Bérénice
57%
Le Centaure
57%
La Lyre
54%
Le Bouvier
54%
Le Dauphin
52%
La Licorne
50%
Céphée
49%
Le Lièvre
49%
Le Sagittaire
48%
La Carène
47%
La Couronne australe
47%
Le Lézard
47%
Le Corbeau
46%
Le Petit Lion
46%
L’Hydre mâle
46%
Le Cocher
45%
Le Phénix
45%
La Couronne boréale
44%
Le Sextant
44%
Les Voiles
44%
L’Autel
43%
Le Lynx
42%
Le Poisson austral
42%
Le Paon
41%
Le Petit Renard
41%
Les Chiens de chasse
41%
L’Indien
41%
La Machine pneumatique
40%
La Boussole
39%
Le Petit Cheval
39%
Le Poisson volant
39%
Le Toucan
39%
Le Triangle austral
39%
La Mouche
38%
La Poupe
38%
Le Compas
38%
L’Éridan
38%
Ophiuchus
38%
La Colombe
37%
La Grue
37%
L’Octant
37%
Le Sculpteur
36%
La Dorade
34%
Le Télescope
34%
Le Réticule
32%
L’Écu de Sobieski
31%
Le Fourneau
30%
Le Microscope
30%
L’Horloge
30%
La Coupe
29%
La Règle
29%
La Table
29%
Le Burin
29%
Le Peintre
29%
L’Oiseau de paradis
29%
Aucun quiz correspondant
Distribution des résultats
% des personnes avec chaque résultat
Percentile par nombre de réponses
Votre historique - résultats
Vous n’avez pas pris ce quiz